Martin Eden

Bibliographic Details
Main Authors: London, Jack, 1876-1916 (Author), Turčány, Viliam, 1928-2021 (Adapter, Translator)
Other Authors: Kýška, Štefan, 1914-1984 (Translator), Boor, Ján, 1915-2002 (Author of introduction, etc.)
Format: Book
Language:Slovak
English
PhysicalDescription:417 strán 21 cm
Published: Bratislava Slovenské vydavateľstvo krásnej literatúry 1955
Series:London, Jack, 1876-1916 Výber z diela
Edícia svetových klasikov
Subjects:

MARC

LEADER 00000cam a2200000 a 4500
001 vtls008383208
003 SK-MaSNL
005 20260301075455.0
008 230403s1955 xo gr 000 f slo
015 |a SNBA19451955-006805 
020 |q (viazané) 
035 |a SK01SNKBKSFS20020075425 
035 |a urn:nbn:sk:snk-am3i3pm 
035 |a 9F55A6A4-25BD-4158-AEB4-E0C55A2408A5 
035 |a urn:nbn:sk:snk-am00diu6 
035 |a SKM000077888 
040 |a SNK  |b slo  |c SNK  |e AACR2 
041 1 |a slo  |h eng 
044 |a xo  |c SK 
072 7 |a 821.111(73)-3  |x Americká próza  |2 konspekt 
080 |a 821.111(73)-31  |2 2011 
100 1 |a London, Jack,  |d 1876-1916  |4 aut  |9 116999 
240 1 0 |a Martin Eden  |l Slovensky 
245 1 0 |a Martin Eden  |c Jack London ; preložil a poznámky spracoval Štefan Kýška ; doslov napísal Ján Boor ; verše prebásnil Viliam Turčány 
260 |a Bratislava  |b Slovenské vydavateľstvo krásnej literatúry  |c 1955  |e Bratislava  |f Polygrafické závody 
300 |a 417 strán  |c 21 cm 
366 |e 3300 kusov 
490 1 |a Edícia svetových klasikov  |v 53. zväzok 
490 1 |a Výber z diela J. Londona  |v zväzok 2. 
500 |a Frontispice 
500 |a Preložené z angličtiny 
655 7 |a americké romány  |2 SNKPH  |9 1174 
700 1 |a Kýška, Štefan,  |d 1914-1984  |4 trl  |9 40184 
700 1 |a Boor, Ján,  |d 1915-2002  |4 aui  |9 88134 
700 1 |a Turčány, Viliam,  |d 1928-2021  |4 adp  |4 trl  |9 102025 
800 1 |a London, Jack,  |d 1876-1916  |t Výber z diela  |9 399639 
830 0 |a Edícia svetových klasikov  |9 307336 
852 |a Slovenská národná knižnica 
954 |a beletria cudzojazyčná (svetová)  |2 lita 
958 |a EUIPO 
958 |a OND 
958 |a RK 
958 |a TL 
958 |a LX 
958 |a UP 
968 |b ENG 
999 |c 650321  |d 652251 
952 |a SNK  |b SNK  |y PREZ  |7 0  |p 17A0772471  |o snkSC 6866/2  |i snk8559/55  |0 0  |1 0  |4 0  |d 2019-05-29  |f 1  |l 0  |r 2025-07-04 00:00:00  |w 2026-02-23